Catalog

Record Details

Catalog Search



Die Christliche Wahrheit : Lehrbuch der Dogmatik 2. Band Cover Image Book Book

Die Christliche Wahrheit : Lehrbuch der Dogmatik von Paul Althaus 2. Band

Althaus, Paul (Author).

Record details

  • Physical Description: 541 S.
  • Publisher: Gütersloh C. Bertelsmann Verlag 1948

Available copies

  • 1 of 1 copy available at Common Catalog SPOK.

Holds

  • 0 current holds with 1 total copy.
Show Only Available Copies
Location Call Number / Copy Notes Barcode Shelving Location Status Due Date
ETS Library 230.044 424470008686 Volný výběr Available -

LDR 00654nam a2 00229
00134700
003CZ-PrJAB
00520040319000000.0
008010115s1948 xr e |||| |ger
009ge
035 . ‡a(CONS)4080
035 . ‡aKPS7945
040 . ‡aABG450
041 . ‡ager
08214. ‡a230.044
100 . ‡72348 ‡aAlthaus, Paul
245 . ‡aDie Christliche Wahrheit : ‡bLehrbuch der Dogmatik ‡cvon Paul Althaus ‡n2. Band
260 . ‡aGütersloh ‡bC. Bertelsmann Verlag ‡c1948
300 . ‡a541 S.
653 . ‡aDie Christliche Wahrheit ‡aLehrbuch der Dogmatik
8524 . ‡bETS ‡bETS ‡cVolný výběr ‡j230.044 ‡gA ‡p424470008686
910 . ‡aABG450
999 . ‡a4080 ‡bAUTOGEN ‡c4080 ‡tbiblio
905 . ‡uadmin
901 . ‡a34700 ‡b ‡c34700 ‡tbiblio ‡sets

Additional Resources